| 000 | 00651nam a2200193 i 4500 | ||
|---|---|---|---|
| 001 | 188932 | ||
| 003 | ES-MaACL | ||
| 005 | 20250826063208.0 | ||
| 008 | 190227q2015 sp |||| | spa d | ||
| 100 | 1 |
_aLluís y Navas, Jaime. _972976 |
|
| 245 | 1 | 3 |
_aLa extinción del contrato de trabajadores autónomos / _cJaime Lluis y Navas. |
| 260 |
_aBarcelona : _b[J. Lluis y Navas, _c2015] |
||
| 300 |
_a23 p. ; _c21 cm. |
||
| 594 | _aDatos tomados de cub. | ||
| 650 | 0 | 4 |
_aTrabajadores autónomos- _xEstatuto jurídico. _9158739 |
| 650 | 0 | 4 |
_aContratos de trabajo- _xExtinción- _zEspaña _911333 |
| 852 |
_aES-MaACL _j2338-F-4 |
||
| 999 |
_c188932 _d188932 |
||